Cruchley's new plan of London improved to 1829 (Record no. 114561)

MARC details
000 -LEADER
fixed length control field 00709cam a22001815a 4500
001 - CONTROL NUMBER
control field L157053
008 - FIXED-LENGTH DATA ELEMENTS--GENERAL INFORMATION
fixed length control field 120821s1829 xxk f 000 0 eng d
035 ## - SYSTEM CONTROL NUMBER
System control number (Sirsi) u157053
041 0# - LANGUAGE CODE
Language code of text/sound track or separate title eng
100 1# - MAIN ENTRY--PERSONAL NAME
Personal name Cruchley, G. F.
245 00 - TITLE STATEMENT
Title Cruchley's new plan of London improved to 1829
Remainder of title including the East and West India Docks
Medium [cartographic material]
260 ## - PUBLICATION, DISTRIBUTION, ETC.
Place of publication, distribution, etc. London
Name of publisher, distributor, etc. Engraved & published by G. F. Cruchley, Map-seller (from Arrowsmith's) 38 Ludgate Street ...
Date of publication, distribution, etc. 1829
300 ## - PHYSICAL DESCRIPTION
Extent 1 map
Other physical details dissected and mounted on linen, hand coloured
Dimensions 49 x 100 cm., folded to 17 x 11 cm.
583 ## - ACTION NOTE
Action Condition reviewed
Time/date of action 20120620
Status condition level 4
651 #4 - SUBJECT ADDED ENTRY--GEOGRAPHIC NAME
Geographic name London
690 ## - LOCAL SUBJECT ADDED ENTRY--TOPICAL TERM (OCLC, RLIN)
Topical term or geographic name as entry element Geomatics
9 (RLIN) 6242
942 ## - ADDED ENTRY ELEMENTS (KOHA)
Suppress in OPAC 0
Holdings
Withdrawn status Lost status Source of classification or shelving scheme Damaged status Not for loan Home library Current library Shelving location Date acquired Total Checkouts Full call number Barcode Date last seen Copy number Price effective from Koha item type
    Dewey Decimal Classification     Historic collection Historic collection Historic collection 21/08/2012   MAP 1829 CRUCHLEY 30077044 06/08/2019 1 06/08/2019 Book